000 00491nam a2200157 a 4500
001 000027115
005 20200930030618.0
008 110329s1994 dr d 000 0 spa d
040 _aDO-SdBNP
_bspa
_cBNPHU
082 _axxxx
_bD536d
245 0 0 _aDía a día 1993 /
_cpresentación Manuel Quiterio Cedeño.
260 _aSanto Domingo :
_bCentro de Información y Comunicación,
_c1994.
300 _a728 p. :
_bgráf. ;
_c27 cm.
700 1 2 _aQuiterio Cedeño, Manuel
_913448
049 _aBNPD
999 _c26607
_d26607